000
00324nam a2200121 a 4500
005
20140414132112.0
008
110805s19uu xx 00 eng d
050
_a
REF 940.537320
_b
W67 2006
100
_a
Williams, Bryan
245
_a
1000 facts on world war.
260
_a
China :
_b
Bardfield Press,
_c
2006.
999
_c
114801
_d
114801